000 01020nam a2200289 a 4500
001 000020074
003 DO-SdBPM
005 20260123114225.0
007 ta
008 100720s2000 dr 000 0 spa d
040 _aDO-SdBPM
_bspa
_cBPMSU
_drda
082 4 _a306.4
_bE77p 2000
_222
100 1 _aEspinal, Cayo Claudio,
_d1955-
_eautor
_4aut.
245 1 4 _aLas políticas culturales en la República Dominicana /
_cCayo Claudio Espinal.
264 _aSanto Domingo :
_bConsejo Presidencial de Cultura,
_c2000.
300 _a47 páginas ;
_c22 cm.
336 _atexto
_btxt
_2rdacontent
337 _asin mediación
_bn
_2rdamedia
338 _avolumen
_bnc
_2rdacarrier
500 _aIncluye datos biográficos del autor en la contracubierta
590 _aInventariado, 2026/VM
650 7 _aPolítica cultural
_zRepública Dominicana
650 7 _aPatrimonio cultural
_zRepública Dominicana
650 7 _aIndustria cultural
_zRepública Dominicana
910 _aVMateo V. Control de calidad BPMSU
942 _2ddc
_cBK
999 _c15623
_d15623